000 00449nam a2200181Ia 4500
001 4980
005 20260306145834.0
008 260306t1997||||xx |||||||||||||| ||spa||
041 _aESP
082 _a332.4
_bS29
100 _aSchuldt Lange, Jürgen, 1943-
_eAUT
245 0 _aDineros alternativos para el desarrollo local
260 _c1997
300 _a384 páginas :
_c21 cm.
650 _aGEN
654 _aCAN
942 _cLIB
_dJUS
_fJUS
_2ddc
_n
999 _c4980
_d4980